Statistiken für Länder Asiens

Klicken Sie hier um das Quiz zu spielen!

Allgemein

  • Dieses Quiz wurde 521 mal gespielt
  • Das Durchschnittsergebnis liegt bei 41 aus 49

Antwortstatistiken

Länder% Korrekt
China
97%
Japan
95%
Indien
94%
Indonesien
92%
Irak
92%
Iran
92%
Nordkorea
92%
Südkorea
92%
Vietnam
91%
Israel
90%
Mongolei
90%
Thailand
90%
Afghanistan
89%
Armenien
89%
Jemen
89%
Pakistan
89%
Kasachstan
88%
Usbekistan
88%
Oman
87%
Saudi-Arabien
87%
Syrien
87%
Jordanien
86%
Laos
85%
Nepal
85%
Türkei
85%
Aserbaidschan
84%
Turkmenistan
84%
Bhutan
83%
Georgien
83%
Libanon
83%
Taiwan
83%
Bangladesch
82%
Kambodscha
82%
Malaysia
82%
Singapur
82%
Tadschikistan
82%
Sri Lanka
81%
Katar
80%
Vereinigte Arabische Emirate
80%
Russland
79%
Kuwait
77%
Brunei
75%
Myanmar
74%
Bahrain
70%
Osttimor
69%
Philippinen
68%
Kirgisistan
66%
Malediven
66%
Zypern
65%

Verteilung der Resultate

Perzentil nach korrekt beantworteten Fragen

Anzahl Personen mit jedem Resultat

Ihre Resultats-Entwicklung

Sie haben dieses Quiz noch nicht gespielt